000 00512nam a2200169 i 4500
001 24695
003 ES-MaACL
005 20230906153114.0
007 t|
008 021218s1969 sp ||||1| spa d
245 0 0 _aAntología de la ópera /
_cGerhart von Westerman ; [traducción de "Ediciones Corona"].
260 _a[S.l. :
_bs.n.,
_c1969]
300 _a774 p., 56 lám. ;
_c21 cm.
700 1 _aWesterman, Gerhart von.
_9116562
710 2 _aEdiciones Corona.
_93423
852 _aES-MaACL
_jC-35598
_bR.68919
999 _c24695
_d24695